Central Library OPAC University of Rajshahi

Capital formation and economic growth : (Record no. 5264)

MARC details
000 -LEADER
fixed length control field 01184nam a2200301 a 4500
001 - CONTROL NUMBER
control field 5264
003 - CONTROL NUMBER IDENTIFIER
rucl marc code UkOxU
005 - DATE AND TIME OF LATEST TRANSACTION
control field 20211208234035.0
008 - FIXED-LENGTH DATA ELEMENTS--GENERAL INFORMATION
fixed length control field 131224s1955 njua b 100 0 eng
035 ## - SYSTEM CONTROL NUMBER
System control number 55-06699
System control number LOCATION UNKNOWN: EQOA
040 ## - CATALOGING SOURCE
Original cataloging agency DLC
Transcribing agency WSU
Modifying agency OCL
-- m.c
-- SER
Language of cataloging eng
041 ## - LANGUAGE CODE
Language code of text/sound track or separate title eng
082 ## - DEWEY DECIMAL CLASSIFICATION NUMBER
Edition number 23
Classification number 338.476684
Author mark and year CAP 1957
110 2# - MAIN ENTRY--CORPORATE NAME
Corporate name or jurisdiction name as entry element Universities--National Bureau Committee for Economic Research.
9 (RLIN) 9669
245 10 - TITLE STATEMENT
Title Capital formation and economic growth :
Remainder of title a conference of the Universities-National Bureau Committee for Economic Research
260 ## - PUBLICATION, DISTRIBUTION, ETC. (IMPRINT)
Place of publication, distribution, etc. Princeton :
Name of publisher, distributor, etc. Princeton University Press,
Date of publication, distribution, etc. 1955
300 ## - PHYSICAL DESCRIPTION
Pagination xii, 677 p. :
Illustrations tables ;
Size 24 cm
490 1# - SERIES STATEMENT
Series statement Universities-National Bureau Committee for Economic Research. Special conference series ;
Volume/sequential designation 6
500 ## - GENERAL NOTE
General note "A report of the National Bureau of Economic Research, New York."
504 ## - BIBLIOGRAPHY, ETC. NOTE
Bibliography, etc Bibliographical footnotes
650 #0 - SUBJECT ADDED ENTRY--TOPICAL TERM
Topical term or geographic name as entry element Saving and investment
9 (RLIN) 16551
Topical term or geographic name as entry element Economic policy
9 (RLIN) 16552
830 #0 - SERIES ADDED ENTRY--UNIFORM TITLE
Volume number/sequential designation no. 6.
Uniform title Special conference series (Universities--National Bureau Committee for Economic Research) ;
942 ## - ADDED ENTRY ELEMENTS (KOHA)
Source of classification or shelving scheme Dewey Decimal Classification
Koha item type Books
Holdings
Lost status Source of classification or shelving scheme Damaged status Not for loan Collection code Permanent Location Current Location Shelving location Date acquired Source of acquisition Cost, normal purchase price Total Checkouts Full call number Date last seen Copy number Koha item type
  Dewey Decimal Classification     Non-fiction Central Library, University of Rajshahi Central Library, University of Rajshahi     Zitlinger 84.00   338.476684 CAP 1957 24/12/2013 C-2 Books
  Dewey Decimal Classification     Non-fiction Central Library, University of Rajshahi Central Library, University of Rajshahi   24/01/1963 Zitlinger 84.00   338.476684 CAP 1957 22/02/2014 C-3 Books